书目信息 |
| 题名: |
钢管再生混凝土框架结构抗震性能及设计方法
|
|
| 作者: | 张向冈 , 陈宗平 , 薛建阳 著 | |
| 分册: | ||
| 出版信息: | 北京 中国建筑工业出版社 2022.06 |
|
| 页数: | 202页 | |
| 开本: | 26cm | |
| 丛书名: | ||
| 单 册: | ||
| 中图分类: | TU375.4 | |
| 科图分类: | ||
| 主题词: | 再生混凝土--zai sheng hun ning tu--钢管混凝土结构--框架结构--抗震性能--研究 | |
| 电子资源: | ||
| ISBN: | 978-7-112-27249-5 | |
| 000 | 01262nam0 2200253 450 | |
| 001 | 26412 | |
| 005 | 20220920103459.32 | |
| 010 | @a978-7-112-27249-5@dCNY58.00 | |
| 100 | @a20220715d2022 em y0chiy50 ea | |
| 101 | 0 | @achi |
| 102 | @aCN@b110000 | |
| 105 | @aak a 000yy | |
| 200 | 1 | @a钢管再生混凝土框架结构抗震性能及设计方法@Agang guan zai sheng hun ning tu kuang jia jie gou kang zhen xing neng ji she ji fang fa@f张向冈, 陈宗平, 薛建阳著 |
| 210 | @a北京@c中国建筑工业出版社@d2022.06 | |
| 215 | @a202页@c图@d26cm | |
| 320 | @a有书目 (第196-202页) | |
| 330 | @a本书系统地研究和探讨了钢管再生混凝土框架结构的抗震性能及设计方法。全书共8章, 主要内容包括绪论、钢管再生混凝土柱抗震性能试验研究、钢管再生混凝土柱抗震性能有限元分析、钢管再生混凝土柱抗震性能指标计算与模型建立、钢管再生混凝士框架抗震性能试验研究、钢管再生混凝土框架抗震性能有限元分析、钢管再生混凝土框架抗震性能指标计算与模型建立、钢管再生混凝土框架结构基于位移的抗震设计方法。 | |
| 606 | 0 | @a再生混凝土@Azai sheng hun ning tu@x钢管混凝土结构@x框架结构@x抗震性能@x研究 |
| 690 | @aTU375.4@v5 | |
| 701 | 0 | @a张向冈@Azhang xiang gang@4著 |
| 701 | 0 | @a陈宗平@Achen zong ping@4著 |
| 701 | 0 | @a薛建阳@Axue jian yang@4著 |
| 801 | 0 | @aCN@c20220910 |
| 905 | @a河南城建学院图书馆@dTU375.4@eZ212@f2 | |
| 钢管再生混凝土框架结构抗震性能及设计方法/张向冈, 陈宗平, 薛建阳著.-北京:中国建筑工业出版社,2022.06 |
| 202页:图;26cm |
| ISBN 978-7-112-27249-5:CNY58.00 |
| 本书系统地研究和探讨了钢管再生混凝土框架结构的抗震性能及设计方法。全书共8章, 主要内容包括绪论、钢管再生混凝土柱抗震性能试验研究、钢管再生混凝土柱抗震性能有限元分析、钢管再生混凝土柱抗震性能指标计算与模型建立、钢管再生混凝士框架抗震性能试验研究、钢管再生混凝土框架抗震性能有限元分析、钢管再生混凝土框架抗震性能指标计算与模型建立、钢管再生混凝土框架结构基于位移的抗震设计方法。 |
| ● |
| 相关链接 |
|
|
|
正题名:钢管再生混凝土框架结构抗震性能及设计方法
索取号:TU375.4/Z212
 
预约/预借
| 序号 | 登录号 | 条形码 | 馆藏地/架位号 | 状态 | 备注 |
| 1 | 1577485 | 215774856 | 建筑库101/101建筑库 89排1列2层/ [索取号:TU375.4/Z212] | 在馆 | |
| 2 | 1577486 | 215774865 | 建筑库101/101建筑库 89排1列2层/ [索取号:TU375.4/Z212] | 在馆 |